Online
Catalog

Antología artística de Jarabacoa (1900-2005) / (Record no. 8162)

MARC details
000 -CABECERA
campo de control de longitud fija 00635nam a2200193 a 4500
001 - NÚMERO DE CONTROL
campo de control 000008391
005 - FECHA Y HORA DE LA ÚLTIMA TRANSACCIÓN
campo de control 20200929161333.0
008 - DATOS DE LONGITUD FIJA--INFORMACIÓN GENERAL
campo de control de longitud fija 090916s2005 xx ag 000 0 spa d
020 ## - NÚMERO INTERNACIONAL ESTÁNDAR DEL LIBRO
Número Internacional Estándar del Libro 9945029002
040 ## - FUENTE DE LA CATALOGACIÓN
Centro catalogador/agencia de origen DO-SdBNP
Lengua de catalogación spa
Centro/agencia transcriptor BNPHU
082 ## - NÚMERO DE LA CLASIFICACIÓN DECIMAL DEWEY
Número de clasificación RD863.44
Número de documento/Ítem A162a
049 ## - FONDOS LOCALES (OCLC)
Fondos de biblioteca BNPD
100 1# - ENTRADA PRINCIPAL--NOMBRE DE PERSONA
Nombre de persona Abreu Abreu, Tomás,
Fechas asociadas al nombre 1962-
9 (RLIN) 22623
245 10 - MENCIÓN DE TÍTULO
Título Antología artística de Jarabacoa (1900-2005) /
Mención de responsabilidad, etc. Tomás Abreu Abreu ; prólogo Rafael Vinicio Herrera.
260 ## - PUBLICACIÓN, DISTRIBUCIÓN, ETC.
Lugar de publicación, distribución, etc. [s.l.]
Fabricante SEGRACO
Fecha de publicación, distribución, etc. 2005.
300 ## - DESCRIPCIÓN FÍSICA
Extensión 206 p. :
Otras características físicas il., múc. ;
Dimensiones 21 cm.
504 ## - NOTA DE BIBLIOGRAFÍA, ETC.
Nota de bibliografía, etc. Incluye bibliografías (p. 206)
700 1# - PUNTO DE ACCESO ADICIONAL--NOMBRE DE PERSONA
Nombre de persona Vinicio Herrera, Rafael,
Término indicativo de función/relación pról.
9 (RLIN) 22624
Holdings
Estado de retiro Estado de pérdida Restricciones de uso No para préstamo Código de colección Localización permanente Ubicación/localización actual Ubicación en estantería Fecha de adquisición Número de inventario Total de préstamos Signatura topográfica completa Código de barras Fecha visto por última vez Número de copia Precio válido a partir de Tipo de ítem Koha
        Monografías: Libros y Folletos General General En catalogación 16.09.2009 LF1   RD863.44 A162a 8391-30 25.06.2020 e. 3 25.06.2020 Préstamo en sala
      Excluido de préstamo Monografías: Libros y Folletos Patrimonio Dominicano Patrimonio Dominicano En catalogación 16.09.2009 LF1   RD863.44 A162a 8391-10 25.06.2020   25.06.2020 No se presta
      Excluido de préstamo Monografías: Libros y Folletos Patrimonio Dominicano Patrimonio Dominicano En catalogación 16.09.2009 LF1   RD863.44 A162a 8391-20 25.06.2020 e. 2 25.06.2020 No se presta

Powered by Koha